| 000 | 00615nam a2200217Ia 4500 | ||
|---|---|---|---|
| 001 | 5465 | ||
| 003 | GE_BSU | ||
| 008 | 181216s||||||||xx |||||||||||||| ||und|| | ||
| 040 | _cGE_BSU | ||
| 080 | _a511(075.8)+514(075.8) | ||
| 100 | _aЛидский В.Б. | ||
| 245 | _aЗадачи по элементарной математике. | ||
| 245 | _bИзд. 5-ОЕ. | ||
| 245 | _cРед. В.В. Донченко. | ||
| 260 | _aМосква | ||
| 260 | _bНаука | ||
| 260 | _c1968 | ||
| 300 | _a415 с. 20 см. | ||
| 653 | _aЗадачи по элементарной математике. | ||
| 942 | _cBK | ||
| 999 |
_c38993 _d38993 |
||